000 00550nam a22001697a 4500
005 20251108165809.0
008 250721s9999 xx 000 0 ara d
082 1 4 _aط/621.382/عما
100 1 _aشعيبي، عماد
_eإعداد
245 1 0 _aالإتصالات /
264 1 _aدمشق :
_bدار مؤيد،
_c[19-].
300 _a40ص
490 0 _aالموسوعه العربيه المبسطه للمعارف و العلوم ؛5
650 1 7 _aالإتصالات السلكيه و اللاسلكيه
942 _2ddc
_cBK
999 _c31558
_d31558